| 000 | 00556nam a2200169 i 4500 | ||
|---|---|---|---|
| 001 | 26934 | ||
| 003 | ES-MaACL | ||
| 005 | 20230906153528.0 | ||
| 007 | t| | ||
| 008 | 030113s1875 sp ||||1| spa d | ||
| 100 | 1 |
_aAsensi, Tomás de. _923573 |
|
| 245 | 1 | 0 |
_aBocetos _b: poesías / _cTomás de Asensi ; con un prólogo de Fermín Herrán. |
| 260 |
_aMadrid : _b[s.n.], _c1875 ( _fImp. de Manuel Minuesa) |
||
| 300 |
_a94 p. ; _c17 cm. |
||
| 700 | 1 |
_aHerrán, Fermín. _963148 |
|
| 852 |
_aES-MaACL _jT-720-F-3 _z.- Ex-libros manuscrito de Gustavo Saenz Diez |
||
| 999 |
_c26934 _d26934 |
||